[Event "HUN-chT2 Asztalos 2324"]
[Site "Hungary"]
[Date "2023.10.08"]
[Round "1.11"]
[White "Radics, Nora"]
[Black "Szarka, Rego"]
[Result "1-0"]
[WhiteElo "1680"]
[BlackElo "1600"]
[PlyCount "53"]
[EventDate "2023.10.08"]
[EventType "team-tourn"]
[EventRounds "9"]
[EventCountry "HUN"]
[SourceTitle "EXT 2025"]
[Source "ChessBase"]
[SourceDate "2024.10.14"]
[SourceVersion "1"]
[SourceVersionDate "2024.10.14"]
[SourceQuality "1"]
[WhiteTeam "Racalmas Kiralysakk"]
[BlackTeam "Nagyatad"]
[WhiteTeamCountry "HUN"]
[BlackTeamCountry "HUN"]

1. d4 d5 2. f4 Nf6 3. Nf3 Bf5 4. e3 e6 5. Bd3 Bg6 6. Ne5 Nbd7 7. Nxg6 hxg6 8. Nd2 c5 9. c3 cxd4 10. exd4 Nh5 11. Nf3 Bd6 12. 0-0 Nxf4 13. Bb5 f6 14. Bxf4 Bxf4 15. Qe2 Ke7 16. Bxd7 Kxd7 17. Rae1 Qe8 18. Qb5+ Kc7 19. Qc5+ Kd8 20. g3 Bc7 21. Re2 Qd7 22. Rfe1 Bd6 23. Qa5+ b6 24. Qa6 Ke7 25. Rxe6+ Qxe6 26. Qb7+ Kd8 27. Rxe6 1-0

[Event "HUN-chT2 Asztalos 2223"]
[Site "Hungary"]
[Date "2023.02.12"]
[Round "5.12"]
[White "Szarka, Rego"]
[Black "Csiszar, Vivien"]
[Result "1-0"]
[WhiteElo "1307"]
[BlackElo "1021"]
[PlyCount "133"]
[EventDate "2022.11.20"]
[EventType "team-tourn"]
[EventRounds "10"]
[EventCountry "HUN"]
[SourceTitle "EXT 2025"]
[Source "ChessBase"]
[SourceDate "2024.10.14"]
[SourceVersion "1"]
[SourceVersionDate "2024.10.14"]
[SourceQuality "1"]
[WhiteTeam "Nagyatad"]
[BlackTeam "Komlo Banyasz II"]
[WhiteTeamCountry "HUN"]
[BlackTeamCountry "HUN"]

1. e4 c5 2. Nf3 Nc6 3. d4 cxd4 4. Nxd4 e5 5. Nf3 Nf6 6. Bd3 Bc5 7. Nc3 0-0 8. Bg5 Bb4 9. Qd2 d6 10. a3 Bxc3 11. Qxc3 Bg4 12. h3 Bxf3 13. gxf3 Nd4 14. f4 Rc8 15. Qb4 b6 16. c3 a5 17. Qa4 Nf3+ 18. Ke2 Nxg5 19. fxg5 Nh5 20. h4 Nf4+ 21. Kd2 Qc7 22. Qb5 Rfd8 23. c4 a4 24. b3 axb3 25. Rhb1 Rb8 26. Rxb3 Qc8 27. Rh1 Qg4 28. Bf1 Ne6 29. Re3 Qf4 30. Ke1 Nd4 31. Qb2 Ra8 32. Rhh3 Rdc8 33. Qd2 b5 34. Rc3 Qxe4+ 35. Kd1 Qg4+ 36. Be2 Qg1+ 37. Qe1 Nxe2 38. Qxg1 Nxg1 39. Rhg3 bxc4 40. Rxg1 d5 41. Re1 Re8 42. Rce3 e4 43. f3 Rab8 44. Kc2 d4 45. Rxe4 Rxe4 46. Rxe4 Rd8 47. Re1 Kf8 48. a4 d3+ 49. Kc3 f6 50. Kxc4 Ra8 51. Kb4 Rb8+ 52. Ka3 Rd8 53. Kb3 Rd5 54. gxf6 gxf6 55. Kc3 Rh5 56. Kxd3 Rxh4 57. Ra1 Rb4 58. a5 Rb8 59. Kc4 Ke7 60. a6 Kd7 61. a7 Ra8 62. Kb5 Kc7 63. Ka6 Re8 64. Rc1+ Kd6 65. Kb7 Re7+ 66. Kb8 Re8+ 67. Rc8 1-0

[Event "HUN-chT2 Asztalos 2122"]
[Site "Hungary"]
[Date "2022.02.27"]
[Round "7.11"]
[White "B Garai, Lehel"]
[Black "Szarka, Rego"]
[Result "1-0"]
[WhiteElo "1479"]
[BlackElo "1346"]
[PlyCount "43"]
[EventDate "2021.10.10"]
[EventType "team-tourn"]
[EventRounds "9"]
[EventCountry "HUN"]
[SourceTitle "EXT 2025"]
[Source "ChessBase"]
[SourceDate "2024.10.14"]
[SourceVersion "1"]
[SourceVersionDate "2024.10.14"]
[SourceQuality "1"]
[WhiteTeam "Decs 1990"]
[BlackTeam "Nagyatad"]
[WhiteTeamCountry "HUN"]
[BlackTeamCountry "HUN"]

1. e4 e5 2. Nf3 Nc6 3. Bc4 Be7 4. d4 d6 5. Nc3 Bg4 6. dxe5 Nxe5 7. Be2 Bxf3 8. Bxf3 Nf6 9. Bf4 0-0 10. Qe2 Qe8 11. 0-0-0 Rd8 12. g4 h6 13. h4 Nh7 14. g5 hxg5 15. hxg5 Nxg5 16. Bxg5 Bxg5+ 17. Kb1 Bf6 18. Nd5 Be7 19. Bg2 g6 20. f4 Nc6 21. f5 Ne5 22. f6 1-0

[Event "HUN-chT2 Asztalos 2122"]
[Site "Hungary"]
[Date "2022.01.30"]
[Round "5.11"]
[White "Szarka, Rego"]
[Black "Kelemen, Aron"]
[Result "0-1"]
[WhiteElo "1589"]
[BlackElo "1298"]
[PlyCount "80"]
[EventDate "2021.10.10"]
[EventType "team-tourn"]
[EventRounds "9"]
[EventCountry "HUN"]
[SourceTitle "EXT 2025"]
[Source "ChessBase"]
[SourceDate "2024.10.14"]
[SourceVersion "1"]
[SourceVersionDate "2024.10.14"]
[SourceQuality "1"]
[WhiteTeam "Nagyatad"]
[BlackTeam "Baja Spartacus"]
[WhiteTeamCountry "HUN"]
[BlackTeamCountry "HUN"]

1. e4 c5 2. Nf3 e6 3. Nc3 d5 4. exd5 exd5 5. Bb5+ Nc6 6. Qe2+ Be7 7. d4 Nf6 8. dxc5 0-0 9. 0-0 Bg4 10. Bxc6 bxc6 11. Qe3 Re8 12. Nd2 d4 13. Qd3 dxc3 14. Qxc3 Nd5 15. Qc4 Bf5 16. Nf3 Bf6 17. Re1 Rxe1+ 18. Nxe1 Rb8 19. c3 Qe7 20. Nf3 Qe4 21. Qxe4 Bxe4 22. Nd4 Ne7 23. f3 Bd5 24. b3 Ng6 25. Bd2 Re8 26. Kf2 Ne5 27. Ke2 Nxf3+ 28. Kd1 Nxd4 29. cxd4 Bxd4 30. Rc1 Bxg2 31. Rc4 Rd8 32. Kc1 Bf1 33. Rb4 Bxc5 34. Rb7 Kf8 35. Bb4 Bxb4 36. Rxb4 f5 37. Rf4 Bd3 38. Kb2 g5 39. Rf2 Kf7 40. Kc3 Be4 0-1

[Event "HUN-chT2 Asztalos 2122"]
[Site "Hungary"]
[Date "2021.12.06"]
[Round "3.11"]
[White "Szarka, Rego"]
[Black "Radics, Nora"]
[Result "0-1"]
[WhiteElo "1346"]
[BlackElo "1641"]
[PlyCount "120"]
[EventDate "2021.10.10"]
[EventType "team-tourn"]
[EventRounds "9"]
[EventCountry "HUN"]
[SourceTitle "EXT 2025"]
[Source "ChessBase"]
[SourceDate "2024.10.14"]
[SourceVersion "1"]
[SourceVersionDate "2024.10.14"]
[SourceQuality "1"]
[WhiteTeam "Nagyatad"]
[BlackTeam "Racalmas Kiralysakk"]
[WhiteTeamCountry "HUN"]
[BlackTeamCountry "HUN"]

1. e4 e5 2. Nf3 Nf6 3. Nc3 Bb4 4. a3 Ba5 5. d3 d6 6. Bg5 Bg4 7. h3 Bh5 8. Be2 Nbd7 9. 0-0 c6 10. Nh2 Bxe2 11. Qxe2 h6 12. Bh4 Qc7 13. Nf3 0-0-0 14. Nd2 g5 15. Bg3 Rdg8 16. b4 Bb6 17. Na4 h5 18. Nxb6+ Nxb6 19. f3 g4 20. h4 gxf3 21. Qxf3 Rg6 22. Bf2 Rhg8 23. g3 Ng4 24. Be1 Qd7 25. a4 Nf6 26. Kg2 d5 27. a5 dxe4 28. Nxe4 Nbd5 29. Nc5 Qc7 30. c4 Nf4+ 31. Kh1 Ne6 32. Nxe6 fxe6 33. Kh2 e4 34. dxe4 Ng4+ 35. Kg2 Qe5 36. Rd1 Nf6 37. Qf4 Qxe4+ 38. Qxe4 Nxe4 39. Rd3 R8g7 40. b5 Kc7 41. Rb3 c5 42. b6+ axb6 43. axb6+ Kc6 44. Rf4 Rg4 45. Rxg4 Rxg4 46. Kf3 Nd6 47. Re3 Rg6 48. Re5 Rf6+ 49. Ke2 Nxc4 50. Rxh5 Nxb6 51. Bf2 Nd5 52. Rg5 b5 53. h5 b4 54. Be1 c4 55. Kd1 b3 56. Kc1 Rf1 57. Re5 Kd6 58. Re4 c3 59. g4 Nb4 60. Rxb4 Rxe1# 0-1

[Event "HUN-ch U10"]
[Site "Balatonlelle"]
[Date "2016.06.25"]
[Round "3"]
[White "Szarka, Rego"]
[Black "Kertesz, Aron Borsa"]
[Result "0-1"]
[WhiteElo "1266"]
[BlackElo "1452"]
[PlyCount "56"]
[EventDate "2016.06.24"]
[EventType "swiss"]
[EventRounds "9"]
[EventCountry "HUN"]
[SourceTitle "CBM 173 Extra"]
[Source "ChessBase"]
[SourceDate "2016.08.29"]
[SourceVersion "1"]
[SourceVersionDate "2016.08.29"]
[SourceQuality "1"]

1. e4 c6 2. d3 d5 3. Nd2 dxe4 4. dxe4 Qc7 5. Ngf3 e5 6. Bc4 h6 7. 0-0 Nf6 8. c3 Nbd7 9. Qc2 Be7 10. Rd1 0-0 11. Nf1 Nc5 12. Ng3 Bg4 13. Qe2 Rad8 14. Be3 Ncxe4 15. Nxe4 Nxe4 16. Bxh6 Nd6 17. Be3 e4 18. Re1 exf3 19. gxf3 Nxc4 20. fxg4 Nxe3 21. Qxe3 Bd6 22. Qxa7 Bxh2+ 23. Kg2 Rd2 24. Rh1 Bf4 25. Rh3 Qd7 26. Qa4 Qxg4+ 27. Rg3 Rxf2+ 28. Kxf2 Bxg3+ 0-1

[Event "HUN-ch U10"]
[Site "Balatonlelle"]
[Date "2016.06.24"]
[Round "1"]
[White "Fule, Simon"]
[Black "Szarka, Rego"]
[Result "0-1"]
[WhiteElo "1623"]
[BlackElo "1266"]
[PlyCount "44"]
[EventDate "2016.06.24"]
[EventType "swiss"]
[EventRounds "9"]
[EventCountry "HUN"]
[SourceTitle "CBM 173 Extra"]
[Source "ChessBase"]
[SourceDate "2016.08.29"]
[SourceVersion "1"]
[SourceVersionDate "2016.08.29"]
[SourceQuality "1"]

1. e4 e5 2. Nf3 Nc6 3. d4 exd4 4. Nxd4 Nxd4 5. Qxd4 Qf6 6. Be3 c5 7. Qxf6 Nxf6 8. f3 d5 9. Bg5 dxe4 10. Bxf6 gxf6 11. fxe4 Bg7 12. Nd2 f5 13. c3 Bh6 14. Bd3 fxe4 15. Nxe4 b6 16. Rf1 Be6 17. Nf6+ Ke7 18. Ne4 Rad8 19. Bc2 Rhe8 20. Nf6 Bd2+ 21. Ke2 Bc4+ 22. Kf3 Kxf6 0-1

[Event "HUN-chT2 Asztalos 1516"]
[Site "Hungary"]
[Date "2016.02.28"]
[Round "8.12"]
[White "Hegedus, Luca"]
[Black "Szarka, Rego"]
[Result "1-0"]
[WhiteElo "1499"]
[BlackElo "1178"]
[PlyCount "77"]
[EventDate "2015.09.13"]
[EventType "team-tourn"]
[EventRounds "11"]
[EventCountry "HUN"]
[SourceTitle "EXT 2017"]
[Source "ChessBase"]
[SourceDate "2016.10.25"]
[SourceVersion "1"]
[SourceVersionDate "2016.10.25"]
[SourceQuality "1"]
[WhiteTeam "Decs 1990 II"]
[BlackTeam "Nagyatad"]
[WhiteTeamCountry "HUN"]
[BlackTeamCountry "HUN"]

1. d4 Nf6 2. c4 e6 3. Nc3 d5 4. Bg5 Bb4 5. Nf3 h6 6. Bd2 Bd7 7. e3 a6 8. Be2 dxc4 9. Bxc4 0-0 10. 0-0 Nc6 11. Ne2 Bxd2 12. Qxd2 Re8 13. Rfd1 Qe7 14. Ne5 Rad8 15. Nxd7 Qxd7 16. Qc2 Qd6 17. a3 b5 18. Bd3 Kf8 19. Rac1 Ne7 20. Qxc7 Qxc7 21. Rxc7 Rd7 22. Rdc1 Red8 23. Nf4 g5 24. Ne2 e5 25. Rxd7 Nxd7 26. h3 Nf6 27. dxe5 Nd7 28. e6 fxe6 29. Nd4 Nf6 30. Nxe6+ Ke8 31. Nxd8 Kxd8 32. Kf1 Nd7 33. a4 bxa4 34. Bxa6 Nd5 35. Rc8+ Ke7 36. Rh8 Nc7 37. Be2 Nf6 38. Rxh6 Nce8 39. Rg6 1-0